Normal view MARC view
  • Malloy, B.C, Conway,R.A

Entry Personal Name

Number of records used in: 1

001 - CONTROL NUMBER

  • control field: 64017

003 - CONTROL NUMBER IDENTIFIER

  • control field: NUST

005 - DATE AND TIME OF LATEST TRANSACTION

  • control field: 20210628203219.0

008 - FIXED-LENGTH DATA ELEMENTS

  • fixed length control field: 210628|| aca||aabn | a|a d

040 ## - CATALOGING SOURCE

  • Original cataloging agency: NUST
  • Transcribing agency: NUST

100 ## - HEADING--PERSONAL NAME

  • Personal name: Malloy, B.C, Conway,R.A

670 ## - SOURCE DATA FOUND

  • Source citation: Work cat.: (NUST): Malloy, B.C, Conway,R.A, Hazardous solid waste testing, first conference, 1981
© 2023 Central Library, National University of Sciences and Technology. All Rights Reserved.